Kant a Peirce

Vplyv I. Kanta na Charlesa Sandersa Peircea. Architektonika filozofie. Logická báza metafyziky. Hranice racionalizmu a empirizmu.

Salvato in:
Dettagli Bibliografici
Autore principale: Mihina, František
Natura: Capitolo di libro
Lingua:slovacco
Soggetti:
Tags: Aggiungi Tag
Nessun Tag, puoi essere il primo ad aggiungerne!!

MARC

LEADER 00000naa a2200000 4500
001 0151381
005 20231211124611.1
041 0 |a slo 
044 |a SK 
245 1 0 |a Kant a Peirce  |c František Mihina 
520 |a Vplyv I. Kanta na Charlesa Sandersa Peircea. Architektonika filozofie. Logická báza metafyziky. Hranice racionalizmu a empirizmu. 
610 2 0 |a filozofia 
610 2 0 |a logika 
610 2 0 |a dejiny filozofie 
610 2 0 |a Kant, I. 
610 2 0 |a Peirce, Ch. 
100 1 |a Mihina, František